00573nam a2200193 a 4500001001300000003000900013005001700022008004100039020001000080082002300090100002600113245008100139260004400220300001000264500003500274505001000309650003400319700002600353nice12345678IN_TiNIC20260116012338.0050524s1990 dela grd 000 0 eng  ac39500a491.439391431bMIS aMisra, Mathura Prasad aTrilingual Dictionaryb Being a Comprehensive Lexicon in English, Urdu and H aDelhibAsian Educational Servicesc1990 a1236p aincludes index and biblioraphy2 aIndex aDictionary-English Urdu Hindi1 aMisra, Mathura Prasad